Linear and nonlinear programming / (Record no. 9362)

MARC details
000 -LEADER
fixed length control field 01415cam a22003617a 4500
001 - CONTROL NUMBER
control field 13493365
003 - CONTROL NUMBER IDENTIFIER
control field OSt
005 - DATE AND TIME OF LATEST TRANSACTION
control field 20240909110735.0
008 - FIXED-LENGTH DATA ELEMENTS--GENERAL INFORMATION
fixed length control field 040218s2003 enka b 001 0 eng
010 ## - LIBRARY OF CONGRESS CONTROL NUMBER
LC control number 2004296891
015 ## - NATIONAL BIBLIOGRAPHY NUMBER
National bibliography number GBA3-70183
020 ## - INTERNATIONAL STANDARD BOOK NUMBER
International Standard Book Number 1402075936
035 ## - SYSTEM CONTROL NUMBER
System control number (OCoLC)ocm53156142
040 ## - CATALOGING SOURCE
Original cataloging agency UKM
Transcribing agency must
Modifying agency OHX
-- WAU
-- DLC
042 ## - AUTHENTICATION CODE
Authentication code lccopycat
050 00 - LIBRARY OF CONGRESS CALL NUMBER
Classification number T57.7
Item number .L8 2003
072 #7 - SUBJECT CATEGORY CODE
Subject category code QA
Source lcco
082 00 - DEWEY DECIMAL CLASSIFICATION NUMBER
Classification number 519.72 LUE 2005
Edition number 22
100 1# - MAIN ENTRY--PERSONAL NAME
Personal name Luenberger, David G.,
Dates associated with a name 1937-
9 (RLIN) 19111
245 10 - TITLE STATEMENT
Title Linear and nonlinear programming /
Statement of responsibility, etc. David G. Luenberger.
250 ## - EDITION STATEMENT
Edition statement 2nd ed.
260 ## - PUBLICATION, DISTRIBUTION, ETC. (IMPRINT)
Place of publication, distribution, etc. Boston :
Name of publisher, distributor, etc. Kluwer Academic,
Date of publication, distribution, etc. c2003.
300 ## - PHYSICAL DESCRIPTION
Extent xv, 491 p. :
Other physical details ill. ;
Dimensions 25 cm.
504 ## - BIBLIOGRAPHY, ETC. NOTE
Bibliography, etc Includes bibliographical references and index.
650 #0 - SUBJECT ADDED ENTRY--TOPICAL TERM
Topical term or geographic name as entry element Linear programming.
9 (RLIN) 2549
650 #0 - SUBJECT ADDED ENTRY--TOPICAL TERM
Topical term or geographic name as entry element Nonlinear programming.
9 (RLIN) 19112
856 42 - ELECTRONIC LOCATION AND ACCESS
Materials specified Contributor biographical information
Uniform Resource Identifier <a href="http://www.loc.gov/catdir/enhancements/fy0820/2004296891-b.html">http://www.loc.gov/catdir/enhancements/fy0820/2004296891-b.html</a>
856 42 - ELECTRONIC LOCATION AND ACCESS
Materials specified Publisher description
Uniform Resource Identifier <a href="http://www.loc.gov/catdir/enhancements/fy0820/2004296891-d.html">http://www.loc.gov/catdir/enhancements/fy0820/2004296891-d.html</a>
856 41 - ELECTRONIC LOCATION AND ACCESS
Materials specified Table of contents only
Uniform Resource Identifier <a href="http://www.loc.gov/catdir/enhancements/fy0820/2004296891-t.html">http://www.loc.gov/catdir/enhancements/fy0820/2004296891-t.html</a>
906 ## - LOCAL DATA ELEMENT F, LDF (RLIN)
a 7
b cbc
c copycat
d 2
e ncip
f 20
g y-gencatlg
942 ## - ADDED ENTRY ELEMENTS (KOHA)
Source of classification or shelving scheme Dewey Decimal Classification
Koha item type Book Bank
Holdings
Withdrawn status Lost status Source of classification or shelving scheme Damaged status Not for loan Home library Current library Date acquired Source of acquisition Inventory number Total Checkouts Full call number Barcode Date last seen Price effective from Koha item type
    Other/Generic Classification Scheme     MUST Main Library MUST Main Library 09/09/2024 purchase 08/29744   519.72 LUE 2005 2024-22339 09/09/2024 09/09/2024 Book Bank